Типовые проекты сельскохозяйственных построек. Проект № 0443-В: Конюшня на 40 рабочих лошадей крупных пород (Запись № 8676625)

Подробности
000 -МАРКЕР
контрольное поле 01251nam2a22002531 4500
001 - ИДЕНТИФИКАТОР ЗАПИСИ
контрольное поле rc\4847088
005 - ИДЕНТИФИКАТОР ВЕРСИИ
контрольное поле 20250613015341.0
021 ## - НОМЕР ГОСУДАРСТВЕННОЙ РЕГИСТРАЦИИ
Код страны Российская Федерация
Номер [57-31637]
035 ## - ДРУГИЕ СИСТЕМНЫЕ НОМЕРА
Идентификатор записи (NLR Aleph) 008896706
100 ## - ДАННЫЕ ОБЩЕЙ ОБРАБОТКИ
Данные общей обработки 20130426d1957 |||y0rusy50 ca
101 0# - ЯЗЫК РЕСУРСА
Язык текста, звукозаписи и т.д. русский
102 ## - СТРАНА ПУБЛИКАЦИИ ИЛИ ПРОИЗВОДСТВА
Страна публикации Российская Федерация
105 ## - ПОЛЕ КОДИРОВАННЫХ ДАННЫХ: ТЕКСТОВЫЕ МАТЕРИАЛЫ, МОНОГРАФИЧЕСКИЕ
Кодированные данные о монографическом текстовом документе a z |||||
200 1# - ЗАГЛАВИЕ И СВЕДЕНИЯ ОБ ОТВЕТСТВЕННОСТИ
Основное заглавие Конюшня на 40 рабочих лошадей крупных пород
Сведения, относящиеся к заглавию (Стены деревянные, каркасные)
Первые сведения об ответственности [Авт. А.Я. Зубкин]
210 ## - ПУБЛИКАЦИЯ, РАСПРОСТРАНЕНИЕ И ДР.
Дата издания, распространения и т.д. 1957
Место издания, распространения и т.д. Б. м.
215 ## - ФИЗИЧЕСКАЯ ХАРАКТЕРИСТИКА
Специфическое обозначение материала и объем 25 с., 8 с. черт.
461 #0 - УРОВЕНЬ НАБОРА
Встроенное поле 001rc\4847087
-- 2001#$aТиповые проекты сельскохозяйственных построек$fМ-во гор. и сельского строительства СССР. Гипросельхоз$vПроект № 0443-В
Системный номер (АБИС) связанной записи 8676620
Место публикации Москва
Дата публикации 1957
Первые сведения об ответственности М-во гор. и сельского строительства СССР. Гипросельхоз
Имя издателя, распространителя и т.д. Гипросельхоз
Заглавие Типовые проекты сельскохозяйственных построек
Номер тома Проект № 0443-В
701 #1 - ИМЯ ЛИЦА - АЛЬТЕРНАТИВНАЯ ОТВЕТСТВЕННОСТЬ
Начальный элемент ввода Зубкин
Часть имени, кроме начального элемента ввода А.Я.
801 #0 - ИСТОЧНИК ЗАПИСИ
Страна Российская Федерация
Организация NLR
Правила каталогизации psbo
801 #1 - ИСТОЧНИК ЗАПИСИ
Страна Российская Федерация
Организация ELAR
Источник данных rusmarc
852 ## - МЕСТОНАХОЖДЕНИЕ И ШИФР ХРАНЕНИЯ
Идентификатор организации NLR
Шифр хранения (Call Number) 57-9/115
942 ## - ДОПОЛНИТЕЛЬНЫЕ ЭЛЕМЕНТЫ ЗАПИСИ (АБИС)
Тип экземпляра АБИС Книга
980 ## - КОЛЛЕКЦИЯ
Название коллекции Национальная библиография
Экземпляры
Тип экземпляра Дата поступления Библиотека постоянного хранения Библиотека текущего хранения Место хранения Шифр хранения Штрих-код Статус экземпляра
Книга 26.10.2013 РНБ (Московский) РНБ (Московский) Русский книжный фонд: издания с 1957 года 57-9/115 8896706-10